Η ανάπτυξη του συνεδριακού τουρισμού στο Νομό Ηρακλείου Κρήτης : πτυχιακή εργασία
Αποθηκεύτηκε σε:
| Κύριος συγγραφέας: | |
|---|---|
| Συγγραφή απο Οργανισμό/Αρχή: | |
| Μορφή: | Thesis Βιβλίο |
| Γλώσσα: | Greek |
| Δημοσίευση: |
Χίος :
Πανεπιστήμιο Αιγαίου, Τμήμα Διοίκησης Επιχειρήσεων,
2009.
|
| Θέματα: | |
| Διαθέσιμο Online: | http://hdl.handle.net/11610/6461 |
| Ετικέτες: |
Προσθήκη ετικέτας
Δεν υπάρχουν, Καταχωρήστε ετικέτα πρώτοι!
|
MARC
| LEADER | 00000cam a2200000 i 4500 | ||
|---|---|---|---|
| 001 | 1/9575 | ||
| 008 | 100720s2009 gr | ||| |||| ||gre|| | ||
| 035 | |l 10108691 | ||
| 040 | |a GR-MyUa |b gre |e AACR2 | ||
| 041 | 0 | |a gre | |
| 082 | 7 | |a 338.4791 |2 (22) | |
| 100 | 1 | |a Βισκαδούρος, Μάριος. | |
| 245 | 1 | 2 | |a Η ανάπτυξη του συνεδριακού τουρισμού στο Νομό Ηρακλείου Κρήτης : |b πτυχιακή εργασία / |c Βισκαδούρος Μάριος ; επιβλέπων : Λαγός Δημήτριος. |
| 260 | |a Χίος : |b Πανεπιστήμιο Αιγαίου, Τμήμα Διοίκησης Επιχειρήσεων, |c 2009. | ||
| 300 | |a 81 σ. ; |c 30 εκ. | ||
| 502 | |a Πτυχιακή εργασία – Πανεπιστήμιο Αιγαίου, Χίος, 2009. | ||
| 504 | |a Βιβλιογραφία: σ. 79-81. | ||
| 650 | 0 | |a Tourism |x Congresses |z Greece |z Erakleion (Nome) | |
| 650 | 0 | |a Dissertations, Academic |z Greece. | |
| 700 | 1 | |a Λαγός, Δημήτρης Γ. |e dgs | |
| 710 | 1 | |a Πανεπιστήμιο Αιγαίου |b Σχολή Επιστημών της Διοίκησης |b Τμήμα Διοίκησης Επιχειρήσεων - Τ.Δ.Ε. | |
| 852 | |a INST |b CHIOS |c DIATR |e 20100720 |h 338.4791 ΒΙΣ |p 005200032491 |q 005200032491 |t DIE |y 23 | ||
| 852 | |a INST |b CHIOS |c DIATR |e 20100720 |h 338.4791 ΒΙΣ |p 005200032492 |q 005200032492 |t DIE |y 23 | ||
| 856 | |u http://hdl.handle.net/11610/6461 | ||
| 901 | |a BIBL2-2010-2 | ||
| 924 | |a Βισκαδούρος |b Μάριος |y Χίος |z 2009-10 | ||
| 970 | |a Δέσποινα |b Ατσάλη |z 2010/07/20 | ||